Nanosensors for chemical and biological applications : (Record no. 21110)
[ view plain ]
| 000 -LEADER | |
|---|---|
| fixed length control field | 01051cam a22002777a 4500 |
| 001 - CONTROL NUMBER | |
| control field | 18016359 |
| 005 - DATE AND TIME OF LATEST TRANSACTION | |
| control field | 20201128023626.0 |
| 008 - FIXED-LENGTH DATA ELEMENTS--GENERAL INFORMATION | |
| fixed length control field | 140123t2014 enka frb 001 0 eng d |
| 020 ## - INTERNATIONAL STANDARD BOOK NUMBER | |
| International Standard Book Number | 9780857096609 |
| 020 ## - INTERNATIONAL STANDARD BOOK NUMBER | |
| International Standard Book Number | 0857096605 |
| 040 ## - CATALOGING SOURCE | |
| Original cataloging agency | BTCTA |
| Language of cataloging | eng |
| Transcribing agency | BTCTA |
| Modifying agency | BDX |
| -- | UKMGB |
| -- | YDXCP |
| -- | OCLCO |
| -- | CUI |
| -- | DLC |
| -- | EG-ScBUE |
| 082 04 - DEWEY DECIMAL CLASSIFICATION NUMBER | |
| Classification number | 620.5 |
| Edition number | 22 |
| Item number | NAN |
| 245 00 - TITLE STATEMENT | |
| Title | Nanosensors for chemical and biological applications : |
| Remainder of title | sensing with nanotubes, nanowires and nanoparticles / |
| Statement of responsibility, etc | edited by Kevin C. Honeychurch. |
| 260 ## - PUBLICATION, DISTRIBUTION, ETC. (IMPRINT) | |
| Place of publication, distribution, etc | Cambridge ; |
| -- | Waltham : |
| Name of publisher, distributor, etc | Woodhead Publishing / Elsevier, |
| Date of publication, distribution, etc | c.2014. |
| 300 ## - PHYSICAL DESCRIPTION | |
| Extent | xx, 352 p. : |
| Other physical details | ill. ; |
| Dimensions | 24 cm. |
| 490 0# - Series Statement | |
| Series statement | Woodhead Publishing series in electronic and optical materials ; |
| Volume/sequential designation | no. 61 |
| 500 ## - GENERAL NOTE | |
| General note | Index : p. 339-352. |
| 504 ## - BIBLIOGRAPHY, ETC. NOTE | |
| Bibliography, etc | Includes bibliographical references. |
| 541 ## - IMMEDIATE SOURCE OF ACQUISITION NOTE | |
| Source of acquisition | BUE book fair. |
| 650 #0 - SUBJECT ADDED ENTRY--TOPICAL TERM | |
| Topical term or geographic name as entry element | Chemical detectors. |
| Source of heading or term | BUEsh |
| 9 (RLIN) | 27582 |
| 650 #7 - SUBJECT ADDED ENTRY--TOPICAL TERM | |
| Topical term or geographic name as entry element | Nanostructured materials. |
| Source of heading or term | BUEsh |
| 9 (RLIN) | 518 |
| 651 ## - SUBJECT ADDED ENTRY--GEOGRAPHIC NAME | |
| Source of heading or term | BUEsh |
| 653 ## - INDEX TERM--UNCONTROLLED | |
| Resource For college | Engineering, General |
| Arrived date list | December2015 |
| 700 1# - ADDED ENTRY--PERSONAL NAME | |
| Personal name | Honeychurch, Kevin C., |
| Relator term | editor. |
| 942 ## - ADDED ENTRY ELEMENTS (KOHA) | |
| Source of classification or shelving scheme | Dewey Decimal Classification |
| Withdrawn status | Item status | Source of classification or shelving scheme | Damaged status | Not for loan | Vendor | Home library | Current library | Shelving location | Date acquired | Source of acquisition | Cost, normal purchase price | Serial Enumeration / chronology | Total Checkouts | Full call number | Barcode | Date last seen | Koha item type |
|---|---|---|---|---|---|---|---|---|---|---|---|---|---|---|---|---|---|
| Dewey Decimal Classification | sphinx | Central Library | Central Library | First floor | 10/12/2015 | Purchase | 1725.00 | 70059 | 620.5 NAN | 000031510 | 15/07/2025 | Book - Borrowing |